Retail Operations Management (Location 41/1) (Record no. 20728)

MARC details
000 -LEADER
fixed length control field 00328nam a22001217a 4500
008 - FIXED-LENGTH DATA ELEMENTS--GENERAL INFORMATION
fixed length control field 240615b |||||||| |||| 00| 0 eng d
100 ## - MAIN ENTRY--AUTHOR NAME
Personal name Suhail Ashraf
245 ## - TITLE STATEMENT
Title Retail Operations Management (Location 41/1)
250 ## - EDITION STATEMENT
Edition statement 2021
260 ## - PUBLICATION, DISTRIBUTION, ETC. (IMPRINT)
Place of publication Srinagar
Name of publisher AirPlaza Retail Holdings Pvt Ltd
Year of publication 2021
300 ## - PHYSICAL DESCRIPTION
Number of Pages 20
942 ## - ADDED ENTRY ELEMENTS (KOHA)
Source of classification or shelving scheme Dewey Decimal Classification
Koha item type Thesis
Holdings
Accession Number Price effective from Koha item type Withdrawn / writtenoff status Materials specified (bound volume or other part) Damaged status Not for loan Permanent Location Current Location Shelving location Date acquired Lost/ Missing status department
IR/BBA/018/21 06/15/2024 Thesis   Print   Not For Loan MIET Library, Jammu MIET Library, Jammu Reference 06/15/2024   BBA